000 00970cam a2200277 a 4500
001 1666
005 20250422085640.0
020 _a0439375940
040 _aDLC
_cDLC
_beng
050 0 0 _aPZ7.K292
_bMi 2000
082 0 0 _a808.068
100 1 _aKellogg, Steven
_eauthor
_eillustrator
245 1 4 _aThe missing mitten mystery /
_cstory and pictures by Steven Kellogg
250 _aFirst Scholastic printing, January 2002
260 _bScholastic,
_c2000
_aNew York :
300 _a31 unnumbered pages :
_bcolor illustrations ;
_c29 cm
500 _aRe-worked edition of: The mystery of the missing red mitten. 1974.
505 _aJ
520 _aAnnie searches the neighborhood for her red mitten, the fifth she's lost this winter.
521 _a500
_bLexile AD
521 _aJ
_bRaz-Plus
650 1 _aLost and found possessions
_vFiction.
650 1 _aMittens
_vFiction.
906 _a7
_bcbc
_corignew
_d1
_eocip
_f19
_gy-gencatlg
942 _2ddc
_cBK
_n0
999 _c1666
_d1666